LEADER 01229nam 2200361 450 001 990000558120203316 035 $a0055812 035 $aUSA010055812 035 $a(ALEPH)000055812USA01 035 $a0055812 100 $a20010711d1973----km-y0itay0103----ba 101 $aeng 102 $aUS 105 $a||||||||001yy 200 1 $aIntroduction to discrete structures$efor computer science and engineering$fFranco P. Preparata, Raymond T. Yeh 210 $aReading, Mass.$cAddison-Wesley Publishing Company$dc1973 215 $aXI, 354 p.$cill.$d23 cm 225 2 $aAddison-Wesley Series in Computer Science and Information Processing 410 $12001$aAddison-Wesley Series in Computer Science and Information Processing 610 0 $aAlgebra astratta 676 $a512.02 700 1$aPREPARATA,$bFranco P.$037151 701 1$aYEH,$bRaymond T.$062119 801 0$aIT$bsalbc$gISBD 912 $a990000558120203316 951 $a001.6 AWC 5$b9404 SM$c001.6$d00105114 959 $aBK 969 $aSCI 979 $aPATTY$b90$c20010711$lUSA01$h1107 979 $c20020403$lUSA01$h1705 979 $aPATRY$b90$c20040406$lUSA01$h1639 996 $aIntroduction to discrete structures$9884570 997 $aUNISA LEADER 01279oam 2200445zu 450 001 9910130659803321 005 20241212220426.0 010 $a9781467316866 010 $a1467316865 035 $a(CKB)3420000000000692 035 $a(SSID)ssj0000750817 035 $a(PQKBManifestationID)12260662 035 $a(PQKBTitleCode)TC0000750817 035 $a(PQKBWorkID)10750760 035 $a(PQKB)10718348 035 $a(NjHacI)993420000000000692 035 $a(EXLCZ)993420000000000692 100 $a20160829d2012 uy 101 0 $aeng 135 $aur||||||||||| 181 $ctxt 182 $cc 183 $acr 200 10$a2012 IEEE Symposium on Computers and Informatics 210 31$a[Place of publication not identified]$cIEEE$d2012 215 $a1 online resource 300 $aBibliographic Level Mode of Issuance: Monograph 311 08$a9781467316859 311 08$a1467316857 606 $aComputer science$vCongresses 606 $aInformation science$vCongresses 615 0$aComputer science 615 0$aInformation science 676 $a004.015113 702 $aieee 801 0$bPQKB 906 $aPROCEEDING 912 $a9910130659803321 996 $a2012 IEEE Symposium on Computers and Informatics$92515302 997 $aUNINA